<?xml version="1.0" encoding="UTF-8"?>
<record
    xmlns:xsi="http://www.w3.org/2001/XMLSchema-instance"
    xsi:schemaLocation="http://www.loc.gov/MARC21/slim http://www.loc.gov/standards/marcxml/schema/MARC21slim.xsd"
    xmlns="http://www.loc.gov/MARC21/slim">

  <leader>00569nam a22002057a 4500</leader>
  <controlfield tag="003">OSt</controlfield>
  <datafield tag="020" ind1=" " ind2=" ">
    <subfield code="a">052120601</subfield>
  </datafield>
  <datafield tag="082" ind1=" " ind2=" ">
    <subfield code="a">599.05</subfield>
    <subfield code="b">GOL/SM</subfield>
  </datafield>
  <datafield tag="245" ind1=" " ind2=" ">
    <subfield code="a">Small mammals:</subfield>
    <subfield code="b">their productivity and population dynamics</subfield>
  </datafield>
  <datafield tag="260" ind1=" " ind2=" ">
    <subfield code="a">London</subfield>
    <subfield code="b">Cambridge University Press</subfield>
    <subfield code="c">1975</subfield>
  </datafield>
  <datafield tag="300" ind1=" " ind2=" ">
    <subfield code="a">xxv, 451p.</subfield>
  </datafield>
  <datafield tag="440" ind1=" " ind2=" ">
    <subfield code="a">International Biological Programme</subfield>
    <subfield code="v">V.5</subfield>
  </datafield>
  <datafield tag="546" ind1=" " ind2=" ">
    <subfield code="a">English</subfield>
  </datafield>
  <datafield tag="650" ind1=" " ind2=" ">
    <subfield code="a">Mammal populations</subfield>
  </datafield>
  <datafield tag="650" ind1=" " ind2=" ">
    <subfield code="a">Morpho - physiological characteristics</subfield>
  </datafield>
  <datafield tag="700" ind1=" " ind2=" ">
    <subfield code="a">Golley, F B</subfield>
  </datafield>
  <datafield tag="700" ind1=" " ind2=" ">
    <subfield code="a">Petrusewicz, K</subfield>
  </datafield>
  <datafield tag="700" ind1=" " ind2=" ">
    <subfield code="a">Ryszkowski</subfield>
  </datafield>
  <datafield tag="942" ind1=" " ind2=" ">
    <subfield code="2">ddc</subfield>
    <subfield code="c">BK</subfield>
  </datafield>
  <datafield tag="999" ind1=" " ind2=" ">
    <subfield code="c">162574</subfield>
    <subfield code="d">162574</subfield>
  </datafield>
  <datafield tag="952" ind1=" " ind2=" ">
    <subfield code="0">0</subfield>
    <subfield code="1">0</subfield>
    <subfield code="2">ddc</subfield>
    <subfield code="4">0</subfield>
    <subfield code="7">0</subfield>
    <subfield code="8">Gen</subfield>
    <subfield code="a">KAUCLV</subfield>
    <subfield code="b">KAUCLV</subfield>
    <subfield code="c">GENERAL</subfield>
    <subfield code="d">2018-11-13</subfield>
    <subfield code="l">0</subfield>
    <subfield code="o">599.05 GOL/SM</subfield>
    <subfield code="p">906405</subfield>
    <subfield code="r">2018-11-13 00:00:00</subfield>
    <subfield code="w">2018-11-13</subfield>
    <subfield code="y">BK</subfield>
    <subfield code="z">Book transferred from CoH Library, Acc.No: 6663</subfield>
  </datafield>
</record>
